First certificate gold, (Record no. 10180)
[ view plain ]
| 000 -LEADER | |
|---|---|
| fixed length control field | 01026nac a22003131u 4500 |
| 003 - CONTROL NUMBER IDENTIFIER | |
| control field | EG-ScBUE |
| 005 - DATE AND TIME OF LATEST TRANSACTION | |
| control field | 20220613143650.0 |
| 008 - FIXED-LENGTH DATA ELEMENTS--GENERAL INFORMATION | |
| fixed length control field | 080915r20052000enk f 000 0 eng d |
| 020 ## - INTERNATIONAL STANDARD BOOK NUMBER | |
| International Standard Book Number | 0582429684 |
| 020 ## - INTERNATIONAL STANDARD BOOK NUMBER | |
| International Standard Book Number | 9780582429680 |
| 040 ## - CATALOGING SOURCE | |
| Original cataloging agency | EG-ScBUE |
| Language of cataloging | eng |
| Description conventions | rda |
| Transcribing agency | EG-ScBUE |
| Modifying agency | EG-ScBUE |
| 082 04 - DEWEY DECIMAL CLASSIFICATION NUMBER | |
| Classification number | 428.24 |
| Item number | BUR |
| Edition number | 22 |
| 100 1# - MAIN ENTRY--PERSONAL NAME | |
| Personal name | Burgess, Sally, |
| Relator term | author. |
| 9 (RLIN) | 486 |
| 245 10 - TITLE STATEMENT | |
| Title | First certificate gold, |
| Name of part/section of a work | Teacher's book / |
| Statement of responsibility, etc | Sally Burgess with Richard Acklam. |
| 246 30 - VARYING FORM OF TITLE | |
| Title proper/short title | Teacher's book |
| 250 ## - EDITION STATEMENT | |
| Remainder of edition statement | New edition. |
| 264 #1 - PUBLICATION, DISTRIBUTION, ETC. (IMPRINT) | |
| Place of publication, distribution, etc | Harlow, England : |
| Name of publisher, distributor, etc | Pearson Education Limited, |
| Date of publication, distribution, etc | 2005. |
| 300 ## - PHYSICAL DESCRIPTION | |
| Extent | 144 pages ; |
| Dimensions | 28 cm |
| 336 ## - CONTENT TYPE | |
| Source | rdacontent |
| Content type term | text |
| Content type code | txt |
| 337 ## - MEDIA TYPE | |
| Source | rdamedia |
| Media type term | unmediated |
| Media type code | n |
| 338 ## - CARRIER TYPE | |
| Source | rdacarrier |
| Carrier type term | volume |
| Carrier type code | nc |
| 500 ## - GENERAL NOTE | |
| General note | Free test booklet available. |
| 650 #7 - SUBJECT ADDED ENTRY--TOPICAL TERM | |
| Topical term or geographic name as entry element | English language |
| Form subdivision | Textbooks for foreign speakers. |
| 9 (RLIN) | 43 |
| Source of heading or term | BUEsh |
| 651 ## - SUBJECT ADDED ENTRY--GEOGRAPHIC NAME | |
| Source of heading or term | BUEsh |
| 653 ## - INDEX TERM--UNCONTROLLED | |
| Arrived date list | January2014 |
| Resource For college | Humanities: English |
| 655 ## - INDEX TERM--GENRE/FORM | |
| Form subdivision | Reading book |
| 9 (RLIN) | 34232 |
| 700 1# - ADDED ENTRY--PERSONAL NAME | |
| Personal name | Acklam, Richard, |
| Relator term | author. |
| 9 (RLIN) | 487 |
| 942 ## - ADDED ENTRY ELEMENTS (KOHA) | |
| Koha item type | Book - Teacher Resource |
| Call number prefix | 428.24 BUR |
| Source of classification or shelving scheme | Dewey Decimal Classification |
| Withdrawn status | Lost status | Source of classification or shelving scheme | Materials specified (bound volume or other part) | Damaged status | Not for loan | Home library | Current library | Shelving location | Date acquired | Source of acquisition | Total Checkouts | Full call number | Barcode | Date last seen | Koha item type | Collection code | Total Renewals | Date checked out | Price effective from |
|---|---|---|---|---|---|---|---|---|---|---|---|---|---|---|---|---|---|---|---|
| Lost | Dewey Decimal Classification | Lost In Inventory_2015-8-23 | Central Library | Central Library | Second Floor | 16/09/2008 | Purchase | 428.24 BUR | 000013694 | 16/09/2008 | Book - Borrowing | ||||||||
| Dewey Decimal Classification | Central Library | Central Library | Second Floor | 16/09/2008 | 1 | 428.24 BUR | 000013693 | 15/07/2025 | Book - Borrowing | 2 | 28/09/2008 | 16/09/2008 | |||||||
| Dewey Decimal Classification | Central Library | Central Library | Second Floor | 16/09/2008 | 2 | 428.24 BUR | 000013691 | 15/07/2025 | Book - Borrowing | 17/02/2009 | 16/09/2008 | ||||||||
| Dewey Decimal Classification | Central Library | Central Library | Second Floor | 16/09/2008 | 3 | 428.24 BUR | 000013690 | 15/07/2025 | Book - Borrowing | 1 | 22/06/2011 | 16/09/2008 | |||||||
| Dewey Decimal Classification | Central Library | Central Library | Second Floor | 16/09/2008 | Donation | 1 | 428.24 BUR | 000013689 | 15/07/2025 | Book - Borrowing | Donation-Gift | 15/02/2009 | 16/09/2008 | ||||||
| Dewey Decimal Classification | Central Library | Central Library | Second Floor | 16/09/2008 | 2 | 428.24 BUR | 000013688 | 15/07/2025 | Book - Borrowing | 17/02/2009 | 16/09/2008 | ||||||||
| Dewey Decimal Classification | Central Library | Central Library | Second Floor | 16/09/2008 | 3 | 428.24 BUR | 000013687 | 15/07/2025 | Book - Borrowing | 2 | 29/03/2009 | 16/09/2008 | |||||||
| Dewey Decimal Classification | Central Library | Central Library | Second Floor | 16/09/2008 | 1 | 428.24 BUR | 000013686 | 15/07/2025 | Book - Borrowing | 28/09/2008 | 16/09/2008 | ||||||||
| Dewey Decimal Classification | Central Library | Central Library | Second Floor | 20/01/2014 | Donation | 428.24 BUR | 000035356 | 15/07/2025 | Book - Borrowing | Donation-Gift | 20/01/2014 | ||||||||
| Dewey Decimal Classification | Central Library | Central Library | Second Floor | 20/01/2014 | Donation | 428.24 BUR | 000035357 | 15/07/2025 | Book - Borrowing | Donation-Gift | 20/01/2014 |